<?xml version="1.0" encoding="UTF-8"?>
<collection xmlns="http://www.loc.gov/MARC21/slim">
 <record>
  <leader>02408pam a22002778a 4500</leader>
  <controlfield tag="001">00030448</controlfield>
  <controlfield tag="005">20171026081023.0</controlfield>
  <controlfield tag="008">130308s2005                  ||||||engsd</controlfield>
  <datafield tag="020" ind1="#" ind2="#">
   <subfield code="a">9780521544627</subfield>
  </datafield>
  <datafield tag="041" ind1="0" ind2="#">
   <subfield code="a">eng</subfield>
  </datafield>
  <datafield tag="082" ind1="1" ind2="4">
   <subfield code="a">428</subfield>
   <subfield code="b">C104I</subfield>
  </datafield>
  <datafield tag="110" ind1="1" ind2="#">
   <subfield code="a">University of Cambridge</subfield>
  </datafield>
  <datafield tag="245" ind1="1" ind2="0">
   <subfield code="a">Cambridge IELTS 4 with answers</subfield>
   <subfield code="b">Examination papers from University of Cambridge ESOL examinations: English for Speakers of Other Languages</subfield>
  </datafield>
  <datafield tag="260" ind1="#" ind2="#">
   <subfield code="a">New York</subfield>
   <subfield code="b">Cambridge university Press</subfield>
   <subfield code="c">2005</subfield>
  </datafield>
  <datafield tag="300" ind1="#" ind2="#">
   <subfield code="a">iv, 176 p.</subfield>
   <subfield code="b">ill.</subfield>
   <subfield code="c">25 cm.</subfield>
  </datafield>
  <datafield tag="653" ind1="#" ind2="#">
   <subfield code="a">Cambridge</subfield>
  </datafield>
  <datafield tag="653" ind1="#" ind2="#">
   <subfield code="a">IELTS</subfield>
  </datafield>
  <datafield tag="653" ind1="#" ind2="#">
   <subfield code="a">Tiếng Anh</subfield>
  </datafield>
  <datafield tag="653" ind1="#" ind2="#">
   <subfield code="a">Luyện thi</subfield>
  </datafield>
  <datafield tag="852" ind1="#" ind2="#">
   <subfield code="b">Kho mượn</subfield>
   <subfield code="j">KGT.0036299</subfield>
  </datafield>
  <datafield tag="852" ind1="#" ind2="#">
   <subfield code="j">KD.0014451</subfield>
   <subfield code="b">Kho đọc</subfield>
  </datafield>
  <datafield tag="852" ind1="#" ind2="#">
   <subfield code="j">KGT.0035616, KGT.0036299, KGT.0036300, KGT.0036301, KGT.0036302, KGT.0036303, KGT.0036304, KGT.0036305, KGT.0036306, KGT.0036307, KGT.0036308, KGT.0036309, KGT.0036310, KGT.0036311, KGT.0036312, KGT.0036313, KGT.0036314, KGT.0036315, KGT.0036316, KGT.0036317, KGT.0036318, KGT.0036319, KGT.0036320, KGT.0036321, KGT.0036322, KGT.0036323, KGT.0036324, KGT.0036325, KGT.0036326, KGT.0036327, KGT.0036328, KGT.0036329, KGT.0036330, KGT.0036331, KGT.0036332, KGT.0036276, KGT.0036277, KGT.0036278, KGT.0036279, KGT.0036280, KGT.0036281, KGT.0036282, KGT.0036283, KGT.0036284, KGT.0036285, KGT.0036286, KGT.0036287, KGT.0036288, KGT.0036289, KGT.0036290, KGT.0036291, KGT.0036292, KGT.0036293, KGT.0036294, KGT.0036295, KGT.0036296, KGT.0036297, KGT.0036298</subfield>
   <subfield code="b">Kho giáo trình</subfield>
  </datafield>
  <datafield tag="852" ind1="#" ind2="#">
   <subfield code="j">KGT.0036300</subfield>
   <subfield code="j">KGT.0036301</subfield>
   <subfield code="j">KGT.0036302</subfield>
   <subfield code="j">KGT.0036304</subfield>
   <subfield code="j">KGT.0036305</subfield>
   <subfield code="j">KGT.0036307</subfield>
   <subfield code="j">KGT.0036309</subfield>
   <subfield code="j">KGT.0036310</subfield>
   <subfield code="j">KGT.0036312</subfield>
   <subfield code="j">KGT.0036313</subfield>
   <subfield code="j">KGT.0036315</subfield>
   <subfield code="j">KGT.0036316</subfield>
   <subfield code="j">KGT.0036318</subfield>
   <subfield code="j">KGT.0036319</subfield>
   <subfield code="j">KGT.0036321</subfield>
   <subfield code="j">KGT.0036322</subfield>
   <subfield code="j">KGT.0036324</subfield>
   <subfield code="j">KGT.0036325</subfield>
   <subfield code="j">KGT.0036327</subfield>
   <subfield code="j">KGT.0036329</subfield>
   <subfield code="j">KGT.0036330</subfield>
   <subfield code="j">KGT.0036332</subfield>
   <subfield code="j">KGT.0036277</subfield>
   <subfield code="j">KGT.0036278</subfield>
   <subfield code="j">KGT.0036279</subfield>
   <subfield code="j">KGT.0036282</subfield>
   <subfield code="j">KGT.0036284</subfield>
   <subfield code="j">KGT.0036285</subfield>
   <subfield code="j">KGT.0036289</subfield>
   <subfield code="j">KGT.0036290</subfield>
   <subfield code="j">KGT.0035616</subfield>
   <subfield code="j">KGT.0036292</subfield>
   <subfield code="j">KGT.0036293</subfield>
   <subfield code="j">KGT.0036295</subfield>
   <subfield code="j">KGT.0036296</subfield>
   <subfield code="j">KGT.0036281</subfield>
   <subfield code="j">KGT.0036287</subfield>
   <subfield code="j">KGT.0036288</subfield>
   <subfield code="j">KGT.0036298</subfield>
   <subfield code="j">KD.0014451</subfield>
   <subfield code="j">KGT.0036276</subfield>
   <subfield code="j">KGT.0036283</subfield>
   <subfield code="j">KGT.0036286</subfield>
   <subfield code="j">KGT.0036291</subfield>
   <subfield code="j">KGT.0036294</subfield>
   <subfield code="j">KGT.0036297</subfield>
   <subfield code="j">KGT.0036299</subfield>
   <subfield code="j">KGT.0036303</subfield>
   <subfield code="j">KGT.0036306</subfield>
   <subfield code="j">KGT.0036308</subfield>
   <subfield code="j">KGT.0036311</subfield>
   <subfield code="j">KGT.0036314</subfield>
   <subfield code="j">KGT.0036317</subfield>
   <subfield code="j">KGT.0036320</subfield>
   <subfield code="j">KGT.0036323</subfield>
   <subfield code="j">KGT.0036326</subfield>
   <subfield code="j">KGT.0036328</subfield>
   <subfield code="j">KGT.0036331</subfield>
   <subfield code="j">KGT.0036280</subfield>
  </datafield>
  <datafield tag="910" ind1=" " ind2=" ">
   <subfield code="d">08/03/2013</subfield>
  </datafield>
  <datafield tag="980" ind1="#" ind2="#">
   <subfield code="a">Trung tâm Học liệu Lê Vũ Hùng, Trường Đại học Đồng Tháp</subfield>
  </datafield>
 </record>
</collection>
